00521nam a22001577a 4500020001800000040000900018082001500027100003000042245004800072250001700120260003500137650005600172942001200228999001900240952010400259 a9780072403091 cNust a512.5bSHO aThomas S. Shores 9125414 aApplied linear algebra and Matrix analysis  a2nd Edition  aNew York:bMcGraw-Hill,c2000. aApplied linear algebra and Matrix analysis 9125415 2ddccBK c611170d611170 00102ddc4070aCEMEbCEMEcGENd2024-08-28l0o512.5 SHOpCEME- 35223r2024-08-28w2024-08-28yBK